<?xml version="1.0" encoding="UTF-8"?>
<record
    xmlns:xsi="http://www.w3.org/2001/XMLSchema-instance"
    xsi:schemaLocation="http://www.loc.gov/MARC21/slim http://www.loc.gov/standards/marcxml/schema/MARC21slim.xsd"
    xmlns="http://www.loc.gov/MARC21/slim">

  <leader>00631nam a2200181Ia 4500</leader>
  <controlfield tag="008">151018s9999    xx            000 0 und d</controlfield>
  <datafield tag="082" ind1=" " ind2=" ">
    <subfield code="b">RBASDV28289</subfield>
    <subfield code="a">891.462</subfield>
  </datafield>
  <datafield tag="100" ind1=" " ind2=" ">
    <subfield code="a">&#x938;&#x902;&#x91C;&#x92F;  &#x938;&#x94B;&#x928;&#x935;&#x923;&#x940;</subfield>
  </datafield>
  <datafield tag="245" ind1=" " ind2=" ">
    <subfield code="a">&#x92E;&#x940;&#x91A; &#x92E;&#x93E;&#x902;&#x921;&#x940;&#x928; &#x916;&#x947;&#x933; &#x92E;&#x93E;&#x91D;&#x93E;</subfield>
  </datafield>
  <datafield tag="250" ind1=" " ind2=" ">
    <subfield code="b">1</subfield>
  </datafield>
  <datafield tag="260" ind1=" " ind2=" ">
    <subfield code="b">&#x92A;&#x941;&#x937;&#x94D;&#x92A; &#x92A;&#x94D;&#x930;&#x915;&#x93E;&#x936;&#x928; &#x92A;&#x941;&#x923;&#x947;</subfield>
    <subfield code="c">1997</subfield>
  </datafield>
  <datafield tag="300" ind1=" " ind2=" ">
    <subfield code="a">80</subfield>
  </datafield>
  <datafield tag="600" ind1=" " ind2=" ">
    <subfield code="a">&#x938;&#x902;&#x91C;&#x92F;  &#x938;&#x94B;&#x928;&#x935;&#x923;&#x940;</subfield>
  </datafield>
  <datafield tag="630" ind1=" " ind2=" ">
    <subfield code="a">&#x92E;&#x940;&#x91A; &#x92E;&#x93E;&#x902;&#x921;&#x940;&#x928; &#x916;&#x947;&#x933; &#x92E;&#x93E;&#x91D;&#x93E;</subfield>
  </datafield>
  <datafield tag="700" ind1=" " ind2=" ">
    <subfield code="a">&#x938;&#x902;&#x91C;&#x92F;  &#x938;&#x94B;&#x928;&#x935;&#x923;&#x940;</subfield>
  </datafield>
  <datafield tag="730" ind1=" " ind2=" ">
    <subfield code="a">&#x92E;&#x940;&#x91A; &#x92E;&#x93E;&#x902;&#x921;&#x940;&#x928; &#x916;&#x947;&#x933; &#x92E;&#x93E;&#x91D;&#x93E;</subfield>
  </datafield>
  <datafield tag="942" ind1=" " ind2=" ">
    <subfield code="c">BOOK</subfield>
  </datafield>
  <datafield tag="999" ind1=" " ind2=" ">
    <subfield code="c">1027869</subfield>
    <subfield code="d">1027866</subfield>
  </datafield>
  <datafield tag="952" ind1=" " ind2=" ">
    <subfield code="0">0</subfield>
    <subfield code="1">0</subfield>
    <subfield code="4">0</subfield>
    <subfield code="7">0</subfield>
    <subfield code="a">RBASDV</subfield>
    <subfield code="b">RBASDV</subfield>
    <subfield code="d">2009-02-15</subfield>
    <subfield code="g">21.00</subfield>
    <subfield code="l">0</subfield>
    <subfield code="o">RBASDV28289</subfield>
    <subfield code="p">RBASDV28289</subfield>
    <subfield code="r">2015-10-18 00:00:00</subfield>
    <subfield code="v">21.00</subfield>
    <subfield code="w">2015-10-18</subfield>
    <subfield code="y">BOOK</subfield>
  </datafield>
</record>
